Library Banner

Temptations of the west (Record no. 39515)

MARC details
000 -LEADER
fixed length control field 00495nam a2200181Ia 4500
001 - CONTROL NUMBER
control field 40265
008 - FIXED-LENGTH DATA ELEMENTS--GENERAL INFORMATION
fixed length control field 140423s9999 xx 000 0 und d
020 ## - INTERNATIONAL STANDARD BOOK NUMBER
International Standard Book Number 0374173214
040 ## - CATALOGING SOURCE
Transcribing agency PK-LaUMT
082 ## - DEWEY DECIMAL CLASSIFICATION NUMBER
Classification number 954.05
Item number MIS-T
100 ## - MAIN ENTRY--PERSONAL NAME
Personal name Mishra, Pankaj
245 ## - TITLE STATEMENT
Title Temptations of the west
Remainder of title how to be modern in India, Pakistan, Tibet, and beyond
Statement of responsibility, etc Mishra, Pankaj
260 ## - PUBLICATION, DISTRIBUTION, ETC. (IMPRINT)
Place of publication, distribution, etc New York,Usa:
Name of publisher, distributor, etc Farrar, Straus and Giroux,
Date of publication, distribution, etc 2006
300 ## - PHYSICAL DESCRIPTION
Extent 323 p.
546 ## - LANGUAGE NOTE
Language note EN
650 ## - SUBJECT ADDED ENTRY--TOPICAL TERM
Topical term or geographic name as entry element .
942 ## - ADDED ENTRY ELEMENTS (KOHA)
Koha item type Books
Holdings
Withdrawn status Lost status Damaged status Not for loan Home library Current library Date acquired Total Checkouts Full call number Barcode Date last seen Price effective from Koha item type
        UMT Main Campus UMT Main Campus 2014-04-23   954.05 MIS-T 43186 2014-05-05 2014-05-05 Books